Интернет как инструмент библиографического поиска: [учебно-практическое пособие]

Dades bibliogràfiques
Autor principal: Галеева И. С. Ирина Салиховна
Sumari:В практическом пособии рассматриваются методики интерактивного поиска библиографической, адресной и фактографической информации. Автор показывает достоинства и недостатки поисковых стратегий и тактик, сложившихся как в России, так и за рубежом, предлагает собственные подходы к решению наиболее сложных поисковых задач, а также пути организации самостоятельного интерактивного поиска.
Idioma:rus
Publicat: СПб., Профессия, 2007
Col·lecció:Библиотека
Matèries:
Format: MixedMaterials Llibre
KOHA link:https://koha.lib.tpu.ru/cgi-bin/koha/opac-detail.pl?biblionumber=117505

MARC

LEADER 00000nam0a2200000 4500
001 117505
005 20231031123808.0
010 |a 9785939131452 
035 |a (RuTPU)RU\TPU\book\127189 
090 |a 117505 
100 |a 20070604d2007 m y0rusy50 ca 
101 0 |a rus 
102 |a RU 
105 |a a j 001zy 
200 1 |a Интернет как инструмент библиографического поиска  |e [учебно-практическое пособие]  |f И. С. Галеева 
210 |a СПб.  |c Профессия  |d 2007 
215 |a 248 с.  |c ил. 
225 1 |a Библиотека 
320 |a Литература: с. 182-201. 
330 |a В практическом пособии рассматриваются методики интерактивного поиска библиографической, адресной и фактографической информации. Автор показывает достоинства и недостатки поисковых стратегий и тактик, сложившихся как в России, так и за рубежом, предлагает собственные подходы к решению наиболее сложных поисковых задач, а также пути организации самостоятельного интерактивного поиска. 
610 1 |a библиотеки 
610 1 |a библиотечное дело 
610 1 |a справочно-библиографическая работа 
610 1 |a библиографический поиск 
610 1 |a информационные технологии 
610 1 |a Интернет 
610 1 |a интерактивный поиск 
610 1 |a методика 
610 1 |a автоматизация 
686 |a Ч735.27  |v LBC/SL-A  |2 rubbk 
700 1 |a Галеева  |b И. С.  |g Ирина Салиховна 
801 1 |a RU  |b 63413507  |c 20070604  |g PSBO 
801 2 |a RU  |b 63413507  |c 20161101  |g PSBO 
942 |c BK 
959 |a 46/20070529  |d 1  |e 200,00  |f НМО:1